| 000 | 01089aam a2200337 i 4500 | ||
|---|---|---|---|
| 001 | 768714001 | ||
| 003 | CO-MdFUSB | ||
| 005 | 20250825125136.0 | ||
| 007 | ta | ||
| 008 | 250825t2000 ck |||| |||| 00| 0 spa d | ||
| 020 | _a958-9149-86-3 | ||
| 040 | _cCO-MdFUSB | ||
| 041 | 0 |
_aspa _heng |
|
| 082 | 0 | 4 |
_223 _a248.8431 _bF9654c |
| 100 | 1 |
_aFuller, Cheri _eautor |
|
| 240 | _aWhen mothers pray | ||
| 245 | 1 |
_aCuando las madres oran : _bla gran influencia en la vida de un hijo _c/ Cheri Fuller ; traducido por Edna Nieto Horta ; editado por Emma Horta de Nieto |
|
| 264 | 1 |
_bCentros de Literatura Cristiana, _aBogotá, Colombia : _c[2000] |
|
| 264 | 4 | _c©2000 | |
| 300 | _a262 páginas | ||
| 336 |
_atexto _btxt _2rdacontent |
||
| 337 |
_2rdamedia _asin mediación _bn |
||
| 338 |
_2rdacarrier _avolumen _bnc |
||
| 563 | _aRústico | ||
| 650 | 0 |
_aMujeres _xAspectos religiosos _xCristianismo _9326 |
|
| 653 | _aMadres -- Oración | ||
| 700 |
_aNieto Horta, Edna, _911853 _etraductor |
||
| 700 |
_aHorta de Nieto, Emma, _910976 _eeditor |
||
| 942 | _cBK | ||
| 945 | _aJTF-925 | ||
| 999 |
_c32026 _d32026 |
||